000 00493nam a2200181Ia 4500
001 3221
005 20260306144905.0
008 260306t2013||||xx |||||||||||||| ||spa||
041 _aESP
082 _a262.52
_bB61
100 _aBlanco Sarto, Pablo
_eAUT
245 0 _aTeología, vaticano II y evangelización según Joseph Ratzinger / Benedicto XVI:
_bnuevos estudios
260 _c2013
300 _a325 páginas :
_c21 cm.
650 _aGEN
654 _aCHU
942 _cLIB
_dJUS
_fJUS
_2ddc
_n
999 _c3221
_d3221